Twentieth-century English literature : (Record no. 147279)
[ view plain ]
| 000 -LEADER | |
|---|---|
| fixed length control field | 00666cam a22002171 4500 |
| 001 - CONTROL NUMBER | |
| control field | 6117245 |
| 003 - CONTROL NUMBER IDENTIFIER | |
| control field | BD-DhUL |
| 005 - DATE AND TIME OF LATEST TRANSACTION | |
| control field | 20170105182254.0 |
| 008 - FIXED-LENGTH DATA ELEMENTS--GENERAL INFORMATION | |
| fixed length control field | 751104s1964 nyu 000 0 eng |
| 010 ## - LIBRARY OF CONGRESS CONTROL NUMBER | |
| LC control number | 65001228 |
| 040 ## - CATALOGING SOURCE | |
| Original cataloging agency | DLC |
| Transcribing agency | MdU-BC |
| Modifying agency | DLC |
| -- | BD-DhUL |
| 042 ## - AUTHENTICATION CODE | |
| Authentication code | premarc |
| 082 ## - DEWEY DECIMAL CLASSIFICATION NUMBER | |
| Classification number | 820.9 |
| Item number | WAT |
| 100 1# - MAIN ENTRY--PERSONAL NAME | |
| Personal name | Ward, A. C. |
| Fuller form of name | (Alfred Charles), |
| Dates associated with a name | 1891- |
| 245 10 - TITLE STATEMENT | |
| Title | Twentieth-century English literature : |
| Remainder of title | 1901-1960 / |
| Statement of responsibility, etc. | A. C. Ward |
| 260 ## - PUBLICATION, DISTRIBUTION, ETC. (IMPRINT) | |
| Place of publication, distribution, etc. | New York : |
| Name of publisher, distributor, etc. | Barnes & Noble , |
| Date of publication, distribution, etc. | 1964. |
| 300 ## - PHYSICAL DESCRIPTION | |
| Extent | viii, 239 p. ; |
| Dimensions | 22 cm. |
| 504 ## - BIBLIOGRAPHY, ETC. NOTE | |
| Bibliography, etc | Bibliographical footnotes. |
| 650 #0 - SUBJECT ADDED ENTRY--TOPICAL TERM | |
| Topical term or geographic name as entry element | English literature |
| Chronological subdivision | 20th century |
| General subdivision | History and criticism. |
| 942 ## - ADDED ENTRY ELEMENTS (KOHA) | |
| Source of classification or shelving scheme | |
| Koha item type | Books |
| Price effective from | Date last seen | Permanent Location | Not for loan | Date acquired | Source of classification or shelving scheme | Koha item type | Lost status | Withdrawn status | Copy number | Source of acquisition | Collection code | Damaged status | Shelving location | Barcode | Current Location | Full call number |
|---|---|---|---|---|---|---|---|---|---|---|---|---|---|---|---|---|
| 2017-01-05 | 2017-01-05 | Dhaka University Library | 2017-01-05 | Books | 3 | Purchased | Non Fiction | General Stacks | A184536 | Dhaka University Library | 820.9 WAT | |||||
| 2017-01-05 | 2017-01-05 | Dhaka University Library | 2017-01-05 | Books | 2 | Purchased | Non Fiction | General Stacks | 57281 | Dhaka University Library | 820.9 WAT | |||||
| 2017-02-09 | 2017-02-09 | Dhaka University Library | 2017-02-09 | Books | 1 | Purchased | Fiction | General Stacks | A50803 | Dhaka University Library | 820.9 WAT |
